000 00375nam a2200133Ia 4500
008 220217s9999||||xx |||||||||||||| ||und||
020 _a81-203-2258-4
082 _a660.6 BEA
100 _aBergeron, Bryan, M.D
_93086
245 0 _aBioinformatics computing
260 _aPrentice hall of india
_bNew Delhi
_c2003
300 _b250
650 _aINFORMATION SCIENCE
_91300
999 _c170804
_d170804